| 000 | 00464nam a2200157Ia 4500 | ||
|---|---|---|---|
| 005 | 20250424120338.0 | ||
| 008 | 250424s9999 xx 000 0 und d | ||
| 022 | _aTS 280 .W67/ | ||
| 050 | _aWorld pipeline | ||
| 245 | 0 | _aEngland | |
| 260 | _aDHATEC a shawcor company | ||
| 260 | _b2016 | ||
| 260 | _c96 p. :ill. ; 30 cm. | ||
| 300 | _aPipeline Industries Guild (Great Britain)--Periodicals. Pipelines--Periodicals. Pipe industry--Periodicals. | ||
| 650 | _aSR | ||
| 999 |
_c38782 _d38782 |
||